|
|
|
|
| LEADER |
00000nam0a2200000 4500 |
| 001 |
205453 |
| 005 |
20231031190443.0 |
| 035 |
|
|
|a (RuTPU)RU\TPU\book\223920
|
| 090 |
|
|
|a 205453
|
| 100 |
|
|
|a 20111209d1991 km y0rusy5003 ca
|
| 101 |
0 |
|
|a rus
|
| 102 |
|
|
|a RU
|
| 105 |
|
|
|a a z 101zy
|
| 200 |
1 |
|
|a Проблемы сольватации и комплексообразования в растворах 9-11 октября 1991 года
|e V Всесоюзное совещание, тезисы докладов
|f Академия наук СССР (АН СССР), Институт химии неводных растворов (ИХНР) ; Всесоюзное химическое общество им. Д. И. Менделеева (ВХО) ; под ред. Г. А. Крестова
|
| 210 |
|
|
|a Иваново
|c ИХТИ
|d 1991
|
| 215 |
|
|
|a 314 с.
|c ил.
|
| 610 |
1 |
|
|a сольватация
|
| 610 |
1 |
|
|a комплексообразование
|
| 610 |
1 |
|
|a растворы
|
| 610 |
1 |
|
|a физическая химия
|
| 610 |
1 |
|
|a неводные растворы
|
| 610 |
1 |
|
|a целлюлоза
|
| 610 |
1 |
|
|a красители
|
| 610 |
1 |
|
|a биологически активные вещества
|
| 610 |
1 |
|
|a жидкофазные материалы
|
| 610 |
1 |
|
|a совещания
|
| 610 |
1 |
|
|a Иваново
|
| 675 |
|
|
|a 544.353(063)
|z rus
|
| 702 |
|
1 |
|a Крестов
|b Г. А.
|g Геннадий Алексеевич
|4 340
|
| 712 |
0 |
2 |
|a Академия наук СССР (АН СССР)
|b Институт химии неводных растворов (ИХНР)
|c (Иваново)
|2 stltpush
|3 (RuTPU)RU\TPU\col\7921
|
| 712 |
0 |
2 |
|a Всесоюзное химическое общество им. Д. И. Менделеева (ВХО)
|c (Москва)
|c (1932-1991)
|2 stltpush
|3 (RuTPU)RU\TPU\col\12594
|
| 712 |
1 |
2 |
|a Проблемы сольватации и комплексообразования в растворах
|b Всесоюзное совещание
|d 5
|e Иваново
|f 1991
|
| 801 |
|
0 |
|a RU
|b RuMRKP
|c 19950704
|g psbo
|
| 801 |
|
1 |
|a RU
|b 63413507
|c 20111209
|
| 801 |
|
2 |
|a RU
|b 63413507
|c 20130801
|g RCR
|
| 942 |
|
|
|c BK
|